[Event "ODJM A 2023"]
[Site "Willingen GER"]
[Date "2023.06.03"]
[Round "9"]
[White "Menzel, Maximilian"]
[Black "Riechenberg, Sebastian"]
[Result "1-0"]
[Termination "normal"]
[Board "25"]
[WhiteElo "1855"]
[BlackElo "1655"]
[WhiteClock "00:21:45"]
[BlackClock "00:17:00"]
[PlyCount "85"]
[WhiteFideId "34617280"]
[BlackFideId "34605231"]
[EventCountry "GER"]
[EventRounds "9"]
[EventType "swiss"]
[EventDate "2023.05.27"]

1. d4 {[%clk 01:30:50]} {[%emt 00:00:09]} d5 {[%clk 01:30:48]} {[%emt
00:00:12]} 2. c4 {[%clk 01:31:13]} {[%emt 00:00:07]} e6 {[%clk 01:31:12]}
{[%emt 00:00:06]} 3. Nf3 {[%clk 01:31:36]} {[%emt 00:00:06]} Nf6 {[%clk
01:31:37]} {[%emt 00:00:06]} 4. g3 {[%clk 01:32:03]} {[%emt 00:00:03]} dxc4
{[%clk 01:31:39]} {[%emt 00:00:29]} 5. Bg2 {[%clk 01:32:26]} {[%emt 00:00:07]}
Nc6 {[%clk 01:31:58]} {[%emt 00:00:11]} 6. Qa4 {[%clk 01:32:47]} {[%emt
00:00:08]} Bb4+ {[%clk 01:32:08]} {[%emt 00:00:20]} 7. Bd2 {[%clk 01:33:10]}
{[%emt 00:00:07]} Nd5 {[%clk 01:32:26]} {[%emt 00:00:13]} 8. Bxb4 {[%clk
01:32:47]} {[%emt 00:00:53]} Ndxb4 {[%clk 01:32:50]} {[%emt 00:00:06]} 9. O-O
{[%clk 01:33:06]} {[%emt 00:00:10]} Rb8 {[%clk 01:31:53]} {[%emt 00:01:27]} 10.
Ne5 {[%clk 01:19:59]} {[%emt 00:13:37]} O-O {[%clk 01:30:09]} {[%emt 00:02:14]}
11. Nxc6 {[%clk 01:07:28]} {[%emt 00:13:02]} Nxc6 {[%clk 01:29:16]} {[%emt
00:01:24]} 12. Bxc6 {[%clk 01:06:30]} {[%emt 00:01:28]} bxc6 {[%clk 01:27:04]}
{[%emt 00:02:42]} 13. Qxa7 {[%clk 01:05:39]} {[%emt 00:01:21]} Rxb2 {[%clk
01:26:27]} {[%emt 00:01:07]} 14. Nc3 {[%clk 01:03:02]} {[%emt 00:03:06]} Rb6
{[%clk 01:20:02]} {[%emt 00:06:55]} 15. Rfd1 {[%clk 00:59:19]} {[%emt
00:04:13]} Qd6 {[%clk 01:14:16]} {[%emt 00:06:16]} 16. Rab1 {[%clk 00:51:48]}
{[%emt 00:08:00]} Ra6 {[%clk 00:58:08]} {[%emt 00:16:39]} 17. Qb8 {[%clk
00:49:35]} {[%emt 00:02:42]} Qa3 {[%clk 00:58:02]} {[%emt 00:00:35]} 18. Qb4
{[%clk 00:46:57]} {[%emt 00:03:09]} e5 {[%clk 00:51:28]} {[%emt 00:07:04]} 19.
dxe5 {[%clk 00:40:17]} {[%emt 00:07:09]} Be6 {[%clk 00:50:29]} {[%emt
00:01:29]} 20. Kg2 {[%clk 00:30:06]} {[%emt 00:10:41]} c5 {[%clk 00:45:39]}
{[%emt 00:05:21]} 21. Qxa3 {[%clk 00:29:32]} {[%emt 00:01:03]} Rxa3 {[%clk
00:46:04]} {[%emt 00:00:05]} 22. Rdc1 {[%clk 00:29:20]} {[%emt 00:00:43]} c6
{[%clk 00:46:13]} {[%emt 00:00:21]} 23. f3 {[%clk 00:22:47]} {[%emt 00:07:02]}
Rfa8 {[%clk 00:41:55]} {[%emt 00:04:49]} 24. Rb6 {[%clk 00:21:17]} {[%emt
00:01:59]} R3a6 {[%clk 00:41:49]} {[%emt 00:00:37]} 25. Rcb1 {[%clk 00:20:53]}
{[%emt 00:00:54]} h6 {[%clk 00:40:27]} {[%emt 00:01:51]} 26. a4 {[%clk
00:20:39]} {[%emt 00:00:44]} Kf8 {[%clk 00:36:25]} {[%emt 00:04:32]} 27. Rb7
{[%clk 00:19:34]} {[%emt 00:01:35]} Ke8 {[%clk 00:34:04]} {[%emt 00:02:51]} 28.
Kf2 {[%clk 00:18:09]} {[%emt 00:01:55]} Kd8 {[%clk 00:33:43]} {[%emt 00:00:51]}
29. g4 {[%clk 00:14:58]} {[%emt 00:03:41]} R6a7 {[%clk 00:30:32]} {[%emt
00:03:41]} 30. R7b2 {[%clk 00:12:40]} {[%emt 00:02:48]} Kc7 {[%clk 00:26:06]}
{[%emt 00:04:56]} 31. Kg3 {[%clk 00:09:38]} {[%emt 00:03:32]} Bd5 {[%clk
00:25:40]} {[%emt 00:00:55]} 32. h4 {[%clk 00:09:16]} {[%emt 00:00:51]} Re8
{[%clk 00:25:36]} {[%emt 00:00:34]} 33. Kf4 {[%clk 00:08:50]} {[%emt 00:00:57]}
g6 {[%clk 00:20:46]} {[%emt 00:05:20]} 34. Rb6 {[%clk 00:05:47]} {[%emt
00:03:32]} Be6 {[%emt 00:02:07]} 35. Ne4 {[%clk 00:02:09]} {[%emt 00:04:07]}
Rxa4 {[%clk 00:18:15]} {[%emt 00:01:26]} 36. Nxc5 {[%clk 00:02:25]} {[%emt
00:00:13]} Ra5 {[%clk 00:17:58]} {[%emt 00:00:46]} 37. Rb7+ {[%clk 00:02:06]}
{[%emt 00:00:49]} Kd8 {[%clk 00:18:08]} {[%emt 00:00:21]} 38. Nxe6+ {[%clk
00:01:44]} {[%emt 00:00:52]} fxe6 {[%clk 00:18:17]} {[%emt 00:00:21]} 39. Rg7
{[%clk 00:01:18]} {[%emt 00:00:56]} Kc8 {[%clk 00:18:06]} {[%emt 00:00:42]} 40.
Rc1 {[%clk 00:00:44]} {[%emt 00:01:04]} g5+ {[%clk 00:16:18]} {[%emt 00:02:18]}
41. hxg5 {[%clk 00:00:37]} {[%emt 00:00:37]} hxg5+ {[%clk 00:16:41]} {[%emt
00:00:06]} 42. Rxg5 {[%clk 00:00:54]} {[%emt 00:00:13]} Rc5 {[%clk 00:17:00]}
{[%emt 00:00:11]} 43. Rc3 {[%clk 00:21:45]} {[%emt 00:09:39]} 1-0

[Event "ODJM A 2023"]
[Site "Willingen GER"]
[Date "2023.06.03"]
[Round "9"]
[White "Astner, Sebastian"]
[Black "Hofmann, Benjamin"]
[Result "1-0"]
[Termination "normal"]
[Board "26"]
[WhiteElo "1897"]
[BlackElo "1700"]
[WhiteClock "00:26:08"]
[BlackClock "00:32:08"]
[PlyCount "87"]
[WhiteFideId "12979422"]
[BlackFideId "16270266"]
[EventCountry "GER"]
[EventRounds "9"]
[EventType "swiss"]
[EventDate "2023.05.27"]

1. d4 {[%clk 01:30:59]} {[%emt 00:27:47]} d5 {[%clk 01:30:55]} {[%emt
00:00:05]} 2. Nc3 {[%clk 01:31:26]} {[%emt 00:00:04]} Nf6 {[%clk 01:30:54]}
{[%emt 00:00:30]} 3. Bf4 {[%clk 01:31:52]} {[%emt 00:00:04]} c6 {[%clk
01:31:03]} {[%emt 00:00:21]} 4. e3 {[%clk 01:31:30]} {[%emt 00:00:52]} e6
{[%clk 01:31:03]} {[%emt 00:00:31]} 5. g4 {[%clk 01:31:52]} Bd6 {[%clk
01:30:20]} {[%emt 00:01:21]} 6. Qf3 {[%clk 01:30:49]} Qc7 {[%clk 01:29:18]}
{[%emt 00:03:05]} 7. Bxd6 {[%clk 01:26:25]} Qxd6 {[%clk 01:29:43]} {[%emt
00:04:59]} 8. g5 {[%emt 00:00:16]} Nfd7 {[%clk 01:29:49]} {[%emt 00:00:21]} 9.
O-O-O {[%clk 01:25:09]} b5 {[%clk 01:28:13]} {[%emt 00:04:10]} 10. Qg3 {[%clk
01:20:14]} {[%emt 00:05:24]} Qb4 {[%clk 01:23:17]} {[%emt 00:05:25]} 11. Nf3
{[%clk 01:01:55]} {[%emt 00:18:50]} Nb6 {[%clk 01:17:11]} {[%emt 00:06:36]} 12.
Ne5 {[%clk 00:48:38]} {[%emt 00:13:47]} Bb7 {[%clk 01:13:23]} {[%emt 00:04:17]}
13. Rg1 {[%clk 00:43:56]} {[%emt 00:05:12]} Qe7 {[%clk 01:10:00]} {[%emt
00:03:52]} 14. Bd3 {[%clk 00:37:47]} {[%emt 00:06:40]} N8d7 {[%clk 01:07:20]}
{[%emt 00:03:10]} 15. h4 {[%clk 00:35:00]} {[%emt 00:03:17]} b4 {[%clk
01:00:11]} {[%emt 00:07:40]} 16. Nb1 {[%clk 00:34:24]} {[%emt 00:01:06]} O-O-O
{[%clk 00:58:48]} {[%emt 00:01:53]} 17. Nd2 {[%clk 00:32:54]} {[%emt 00:02:00]}
c5 {[%clk 00:48:19]} {[%emt 00:10:58]} 18. dxc5 {[%clk 00:27:49]} {[%emt
00:05:36]} Nxc5 {[%clk 00:48:30]} {[%emt 00:00:18]} 19. Bf1 {[%clk 00:27:18]}
{[%emt 00:01:00]} Rhf8 {[%clk 00:41:28]} {[%emt 00:07:32]} 20. Bh3 {[%clk
00:24:16]} {[%emt 00:03:33]} Ba6 {[%clk 00:36:47]} {[%emt 00:05:10]} 21. Nc6
{[%clk 00:24:00]} {[%emt 00:00:47]} Qb7 {[%clk 00:36:21]} {[%emt 00:00:57]} 22.
Nxd8 {[%clk 00:23:40]} {[%emt 00:00:49]} Rxd8 {[%clk 00:36:38]} {[%emt
00:00:13]} 23. Qe5 {[%clk 00:18:54]} {[%emt 00:05:16]} Qc6 {[%clk 00:33:58]}
{[%emt 00:03:09]} 24. Kb1 {[%clk 00:17:54]} {[%emt 00:01:30]} Nca4 {[%clk
00:32:53]} {[%emt 00:01:35]} 25. Bf1 {[%clk 00:14:22]} {[%emt 00:04:03]} Bxf1
{[%clk 00:32:16]} {[%emt 00:01:07]} 26. Rgxf1 {[%clk 00:14:45]} {[%emt
00:00:07]} Rd7 {[%clk 00:30:39]} {[%emt 00:02:07]} 27. Qxg7 {[%clk 00:12:51]}
{[%emt 00:02:24]} Rc7 {[%clk 00:27:17]} {[%emt 00:03:50]} 28. Rc1 {[%clk
00:12:21]} {[%emt 00:01:01]} Qb5 {[%clk 00:26:09]} {[%emt 00:01:37]} 29. Ka1
{[%clk 00:05:02]} {[%emt 00:07:50]} Nxb2 {[%clk 00:23:38]} {[%emt 00:03:01]}
30. Qxb2 {[%clk 00:05:10]} {[%emt 00:00:23]} Na4 {[%clk 00:23:57]} {[%emt
00:00:11]} 31. Qh8+ {[%clk 00:05:31]} {[%emt 00:00:09]} Kb7 {[%clk 00:23:58]}
{[%emt 00:00:29]} 32. Rb1 {[%clk 00:03:42]} {[%emt 00:02:20]} Nc3 {[%clk
00:20:32]} {[%emt 00:03:56]} 33. Rb2 {[%clk 00:04:05]} {[%emt 00:00:06]} a5
{[%clk 00:14:30]} {[%emt 00:06:32]} 34. Rc1 {[%clk 00:04:09]} {[%emt 00:00:27]}
Na4 {[%clk 00:14:05]} {[%emt 00:00:55]} 35. Nb3 {[%clk 00:02:40]} {[%emt
00:01:59]} Nc3 {[%clk 00:10:14]} {[%emt 00:04:20]} 36. Nd4 {[%clk 00:02:25]}
{[%emt 00:00:46]} Qc4 {[%clk 00:08:57]} {[%emt 00:01:47]} 37. Qxh7 {[%clk
00:02:06]} {[%emt 00:00:50]} Na4 {[%clk 00:07:28]} {[%emt 00:01:58]} 38. Rb3
{[%clk 00:02:10]} {[%emt 00:00:26]} Nc5 {[%clk 00:05:15]} {[%emt 00:02:42]} 39.
Qg7 {[%clk 00:01:13]} {[%emt 00:01:27]} Ka6 {[%clk 00:03:56]} {[%emt 00:01:49]}
40. Qe5 {[%clk 00:00:54]} {[%emt 00:00:49]} Ne4 {[%clk 00:02:55]} {[%emt
00:01:31]} 41. f3 {[%clk 00:29:15]} {[%emt 00:02:09]} a4 {[%clk 00:32:08]}
{[%emt 00:01:17]} 42. fxe4 {[%clk 00:27:13]} {[%emt 00:02:33]} axb3 {[%clk
00:32:11]} {[%emt 00:00:27]} 43. Nxb3 {[%clk 00:27:27]} {[%emt 00:00:16]} dxe4
{[%clk 00:32:08]} {[%emt 00:00:31]} 44. Qd4 {[%clk 00:26:08]} {[%emt 00:01:48]}
1-0

[Event "ODJM A 2023"]
[Site "Willingen GER"]
[Date "2023.06.03"]
[Round "9"]
[White "Goldinov, Daniel"]
[Black "Vollbehr, Bjarne"]
[Result "1/2-1/2"]
[Termination "normal"]
[Board "27"]
[WhiteElo "1880"]
[BlackElo "1867"]
[WhiteClock "00:03:38"]
[BlackClock "00:47:45"]
[PlyCount "153"]
[WhiteFideId "34605649"]
[BlackFideId "34606025"]
[EventCountry "GER"]
[EventRounds "9"]
[EventType "swiss"]
[EventDate "2023.05.27"]

1. d4 {[%clk 01:30:48]} {[%emt 00:00:11]} Nf6 {[%clk 01:30:53]} {[%emt
00:00:07]} 2. Nc3 {[%clk 01:30:12]} {[%emt 00:01:06]} d5 {[%clk 01:31:18]}
{[%emt 00:00:05]} 3. Bf4 {[%clk 01:30:36]} {[%emt 00:00:06]} c5 {[%clk
01:31:43]} {[%emt 00:00:05]} 4. e4 {[%clk 01:31:01]} {[%emt 00:00:05]} cxd4
{[%clk 01:32:05]} {[%emt 00:00:08]} 5. Qxd4 {[%clk 01:31:22]} {[%emt 00:00:09]}
Nc6 {[%clk 01:32:26]} {[%emt 00:00:09]} 6. Bb5 {[%clk 01:31:47]} {[%emt
00:00:05]} Bd7 {[%clk 01:32:42]} {[%emt 00:00:14]} 7. Bxc6 {[%clk 01:32:12]}
{[%emt 00:00:06]} Bxc6 {[%clk 01:33:05]} {[%emt 00:00:07]} 8. e5 {[%clk
01:32:15]} {[%emt 00:00:27]} Ne4 {[%clk 01:32:32]} {[%emt 00:01:02]} 9. e6
{[%clk 01:24:22]} {[%emt 00:08:24]} fxe6 {[%clk 01:29:20]} {[%emt 00:03:42]}
10. Nf3 {[%clk 01:18:36]} {[%emt 00:06:15]} Qb6 {[%clk 01:17:23]} {[%emt
00:12:27]} 11. Nxe4 {[%clk 01:13:46]} {[%emt 00:05:20]} dxe4 {[%clk 01:17:25]}
{[%emt 00:00:28]} 12. Qxb6 {[%clk 01:13:54]} {[%emt 00:00:23]} axb6 {[%clk
01:17:46]} {[%emt 00:00:08]} 13. Nd4 {[%clk 01:10:38]} {[%emt 00:03:46]} Kf7
{[%clk 01:15:42]} {[%emt 00:02:34]} 14. Be5 {[%clk 01:05:28]} {[%emt 00:05:39]}
Bd5 {[%clk 01:09:49]} {[%emt 00:06:24]} 15. O-O {[%clk 01:01:29]} {[%emt
00:04:28]} Rg8 {[%clk 01:05:36]} {[%emt 00:04:42]} 16. b3 {[%clk 00:56:33]}
{[%emt 00:05:28]} Ra5 {[%clk 01:00:42]} {[%emt 00:05:23]} 17. Bc7 {[%clk
00:43:03]} {[%emt 00:13:59]} e5 {[%clk 00:59:54]} {[%emt 00:01:20]} 18. Nf5
{[%clk 00:29:02]} {[%emt 00:14:31]} Ra6 {[%clk 00:55:13]} {[%emt 00:05:11]} 19.
Ne3 {[%clk 00:27:22]} {[%emt 00:02:09]} Ke6 {[%clk 00:54:43]} {[%emt 00:01:00]}
20. Rfd1 {[%clk 00:26:12]} {[%emt 00:01:41]} Bc6 {[%clk 00:53:47]} {[%emt
00:01:25]} 21. Rd8 {[%clk 00:21:43]} {[%emt 00:04:59]} g6 {[%clk 00:52:12]}
{[%emt 00:02:05]} 22. Nc4 {[%clk 00:20:16]} {[%emt 00:01:57]} b5 {[%clk
00:51:55]} {[%emt 00:00:46]} 23. Nb2 {[%clk 00:14:36]} {[%emt 00:06:10]} Rh8
{[%clk 00:51:28]} {[%emt 00:00:58]} 24. a4 {[%clk 00:11:26]} {[%emt 00:03:40]}
bxa4 {[%clk 00:50:26]} {[%emt 00:01:31]} 25. bxa4 {[%clk 00:10:51]} {[%emt
00:01:05]} Bg7 {[%clk 00:50:25]} {[%emt 00:00:31]} 26. Rxh8 {[%clk 00:10:56]}
{[%emt 00:00:25]} Bxh8 {[%clk 00:50:53]} {[%emt 00:00:02]} 27. a5 {[%clk
00:10:31]} {[%emt 00:00:55]} Bb5 {[%clk 00:50:24]} {[%emt 00:00:58]} 28. c4
{[%clk 00:07:32]} {[%emt 00:03:29]} Bxc4 {[%clk 00:49:47]} {[%emt 00:01:08]}
29. Nxc4 {[%clk 00:06:35]} {[%emt 00:01:27]} Rc6 {[%clk 00:50:09]} {[%emt
00:00:08]} 30. Bb6 {[%clk 00:04:48]} {[%emt 00:02:18]} Rxc4 {[%clk 00:49:52]}
{[%emt 00:00:47]} 31. Be3 {[%clk 00:04:49]} {[%emt 00:00:29]} Bf6 {[%clk
00:48:39]} {[%emt 00:01:43]} 32. g3 {[%clk 00:04:19]} {[%emt 00:01:00]} Kf5
{[%clk 00:48:03]} {[%emt 00:01:06]} 33. Rb1 {[%clk 00:02:35]} {[%emt 00:02:14]}
Rc7 {[%clk 00:47:35]} {[%emt 00:00:57]} 34. Rb5 {[%clk 00:02:46]} {[%emt
00:00:20]} Rd7 {[%clk 00:46:51]} {[%emt 00:01:14]} 35. Kg2 {[%clk 00:01:29]}
{[%emt 00:01:47]} h5 {[%clk 00:44:47]} {[%emt 00:02:33]} 36. h4 {[%clk
00:00:55]} {[%emt 00:01:04]} Ke6 {[%clk 00:44:02]} {[%emt 00:01:16]} 37. Kf1
{[%clk 00:00:38]} {[%emt 00:00:47]} Rd5 {[%clk 00:43:37]} {[%emt 00:00:55]} 38.
Rxb7 {[%clk 00:00:44]} {[%emt 00:00:24]} Rxa5 {[%clk 00:43:59]} {[%emt
00:00:08]} 39. Rb6+ {[%clk 00:00:37]} {[%emt 00:00:36]} Kf5 {[%clk 00:42:16]}
{[%emt 00:02:13]} 40. Rb3 {[%clk 00:00:35]} {[%emt 00:00:32]} Rd5 {[%clk
00:42:26]} {[%emt 00:00:20]} 41. Ke2 {[%clk 00:24:01]} {[%emt 00:07:05]} g5
{[%clk 01:10:03]} {[%emt 00:02:53]} 42. hxg5 {[%clk 00:22:34]} {[%emt
00:01:56]} Bxg5 {[%clk 01:10:29]} {[%emt 00:00:04]} 43. Bxg5 {[%clk 00:22:16]}
{[%emt 00:00:48]} Kxg5 {[%clk 01:10:57]} {[%emt 00:00:03]} 44. Rb6 {[%clk
00:14:17]} {[%emt 00:08:29]} Rd6 {[%clk 01:10:30]} {[%emt 00:00:57]} 45. Rb4
{[%clk 00:13:40]} {[%emt 00:01:07]} Kf5 {[%clk 01:10:29]} {[%emt 00:00:30]} 46.
Rb7 {[%clk 00:12:36]} {[%emt 00:01:35]} Ke6 {[%clk 01:07:24]} {[%emt 00:03:34]}
47. Rb8 {[%clk 00:11:59]} {[%emt 00:01:07]} Ra6 {[%clk 01:04:09]} {[%emt
00:03:45]} 48. Rh8 {[%clk 00:09:51]} {[%emt 00:02:38]} Kd5 {[%clk 01:04:17]}
{[%emt 00:00:22]} 49. Rd8+ {[%clk 00:03:42]} {[%emt 00:06:39]} Rd6 {[%clk
01:03:12]} {[%emt 00:01:36]} 50. Rh8 {[%clk 00:04:04]} {[%emt 00:00:07]} Kd4
{[%clk 01:03:17]} {[%emt 00:00:25]} 51. Ra8 {[%clk 00:01:28]} {[%emt 00:03:07]}
h4 {[%clk 00:58:39]} {[%emt 00:05:07]} 52. gxh4 {[%clk 00:01:18]} {[%emt
00:00:40]} Rh6 {[%clk 00:58:58]} {[%emt 00:00:12]} 53. Ra4+ {[%clk 00:00:35]}
{[%emt 00:01:13]} Kc5 {[%clk 00:57:59]} {[%emt 00:01:29]} 54. Rxe4 {[%clk
00:00:37]} {[%emt 00:00:29]} Kd5 {[%clk 00:58:01]} {[%emt 00:00:27]} 55. Ra4
{[%clk 00:00:44]} {[%emt 00:00:23]} Rh7 {[%clk 00:58:10]} {[%emt 00:00:21]} 56.
Ke3 {[%clk 00:00:49]} {[%emt 00:00:25]} Rh5 {[%clk 00:56:51]} {[%emt 00:01:49]}
57. f3 {[%clk 00:00:41]} {[%emt 00:00:38]} Ke6 {[%clk 00:56:31]} {[%emt
00:00:50]} 58. Re4 {[%clk 00:00:37]} {[%emt 00:00:33]} Kf5 {[%clk 00:55:37]}
{[%emt 00:01:23]} 59. Ra4 {[%clk 00:00:43]} {[%emt 00:00:25]} Rh8 {[%clk
00:54:26]} {[%emt 00:01:40]} 60. Kf2 {[%clk 00:00:39]} {[%emt 00:00:34]} Rd8
{[%clk 00:53:34]} {[%emt 00:01:23]} 61. Ke3 {[%clk 00:00:35]} {[%emt 00:00:35]}
Rd6 {[%clk 00:52:40]} {[%emt 00:01:24]} 62. Rb4 {[%clk 00:00:38]} {[%emt
00:00:27]} Rc6 {[%clk 00:52:27]} {[%emt 00:00:42]} 63. Ra4 {[%clk 00:00:33]}
{[%emt 00:00:35]} Rc3+ {[%clk 00:52:37]} {[%emt 00:00:21]} 64. Kf2 {[%clk
00:00:49]} {[%emt 00:00:13]} Rd3 {[%clk 00:52:42]} {[%emt 00:00:25]} 65. Rb4
{[%clk 00:00:50]} {[%emt 00:00:29]} Rd4 {[%clk 00:52:11]} {[%emt 00:01:02]} 66.
Rxd4 {[%clk 00:00:43]} {[%emt 00:00:37]} exd4 {[%clk 00:52:30]} {[%emt
00:00:11]} 67. Ke2 {[%clk 00:00:51]} {[%emt 00:00:22]} Kf4 {[%clk 00:50:25]}
{[%emt 00:02:35]} 68. Kd3 {[%clk 00:00:33]} {[%emt 00:00:48]} e5 {[%clk
00:48:36]} {[%emt 00:02:20]} 69. Ke2 {[%clk 00:00:49]} {[%emt 00:00:14]} d3+
{[%clk 00:45:37]} {[%emt 00:03:29]} 70. Kxd3 {[%clk 00:00:56]} {[%emt
00:00:23]} Kxf3 {[%clk 00:45:56]} {[%emt 00:00:11]} 71. h5 {[%clk 00:01:22]}
{[%emt 00:00:04]} e4+ {[%clk 00:46:19]} {[%emt 00:00:07]} 72. Kc4 {[%clk
00:01:39]} {[%emt 00:00:13]} e3 {[%clk 00:46:21]} {[%emt 00:00:28]} 73. h6
{[%clk 00:02:04]} {[%emt 00:00:05]} e2 {[%clk 00:46:47]} {[%emt 00:00:04]} 74.
h7 {[%clk 00:02:32]} {[%emt 00:00:03]} e1=Q {[%clk 00:46:59]} {[%emt 00:00:17]}
75. h8=Q {[%clk 00:02:55]} {[%emt 00:00:07]} Qc1+ {[%clk 00:47:19]} {[%emt
00:00:10]} 76. Qc3+ {[%clk 00:03:19]} {[%emt 00:00:06]} Qxc3+ {[%clk 00:47:45]}
{[%emt 00:00:04]} 77. Kxc3 {[%clk 00:03:38]} {[%emt 00:00:12]} 1/2-1/2

[Event "ODJM A 2023"]
[Site "Willingen GER"]
[Date "2023.06.03"]
[Round "9"]
[White "Albayrak, Berrak"]
[Black "Mader, Fabian"]
[Result "1-0"]
[Termination "normal"]
[Board "28"]
[WhiteElo "1664"]
[BlackElo "1889"]
[WhiteClock "00:26:04"]
[BlackClock "00:34:55"]
[PlyCount "92"]
[WhiteFideId "16241657"]
[BlackFideId "16265866"]
[EventCountry "GER"]
[EventRounds "9"]
[EventType "swiss"]
[EventDate "2023.05.27"]

1. e4 {[%clk 01:30:57]} {[%emt 00:00:02]} c5 {[%clk 01:30:55]} {[%emt
00:00:06]} 2. Nf3 {[%clk 01:31:22]} {[%emt 00:00:05]} Nc6 {[%clk 01:31:20]}
{[%emt 00:00:05]} 3. d3 {[%clk 01:31:48]} {[%emt 00:00:05]} g6 {[%emt
00:00:28]} 4. g3 {[%clk 01:31:53]} {[%emt 00:00:09]} Bg7 {[%clk 01:31:51]}
{[%emt 00:00:16]} 5. Bg2 {[%clk 01:32:17]} {[%emt 00:00:06]} d6 {[%clk
01:32:01]} {[%emt 00:00:20]} 6. O-O {[%clk 01:32:28]} {[%emt 00:00:19]} e5
{[%clk 01:31:36]} {[%emt 00:00:56]} 7. a4 {[%clk 01:30:53]} {[%emt 00:02:05]}
Nge7 {[%clk 01:30:50]} {[%emt 00:01:16]} 8. c3 {[%clk 01:27:30]} {[%emt
00:03:53]} O-O {[%clk 01:30:15]} {[%emt 00:01:04]} 9. Na3 {[%clk 01:24:52]}
{[%emt 00:03:09]} h6 {[%clk 01:29:00]} {[%emt 00:01:46]} 10. Bd2 {[%clk
01:19:06]} {[%emt 00:06:15]} f5 {[%clk 01:26:18]} {[%emt 00:03:12]} 11. b4
{[%clk 01:16:45]} {[%emt 00:02:51]} f4 {[%clk 01:22:01]} {[%emt 00:04:48]} 12.
b5 {[%clk 01:06:44]} {[%emt 00:10:30]} Nb8 {[%clk 01:21:08]} {[%emt 00:01:23]}
13. Qb3+ {[%clk 01:02:33]} {[%emt 00:04:42]} Kh7 {[%clk 01:19:07]} {[%emt
00:02:30]} 14. d4 {[%clk 01:00:34]} {[%emt 00:02:29]} g5 {[%clk 01:12:49]}
{[%emt 00:06:48]} 15. h3 {[%clk 00:51:47]} {[%emt 00:09:17]} Ng6 {[%clk
00:57:29]} {[%emt 00:15:51]} 16. Qd5 {[%clk 00:42:54]} {[%emt 00:09:23]} Qe7
{[%clk 00:55:54]} {[%emt 00:02:05]} 17. dxe5 {[%clk 00:37:45]} {[%emt
00:05:38]} Nxe5 {[%clk 00:52:28]} {[%emt 00:03:57]} 18. Nxe5 {[%clk 00:32:09]}
{[%emt 00:06:07]} Bxe5 {[%clk 00:51:54]} {[%emt 00:01:03]} 19. Qd3 {[%clk
00:31:13]} {[%emt 00:01:26]} Be6 {[%clk 00:46:16]} {[%emt 00:06:08]} 20. Nc4
{[%clk 00:29:25]} {[%emt 00:02:18]} Nd7 {[%clk 00:42:49]} {[%emt 00:03:58]} 21.
Rfd1 {[%clk 00:18:40]} {[%emt 00:11:15]} fxg3 {[%clk 00:39:59]} {[%emt
00:03:20]} 22. fxg3 {[%clk 00:13:55]} {[%emt 00:05:14]} Bxc4 {[%clk 00:39:10]}
{[%emt 00:01:19]} 23. Qxc4 {[%clk 00:14:19]} {[%emt 00:00:06]} Bxg3 {[%clk
00:39:19]} {[%emt 00:00:20]} 24. e5 {[%clk 00:12:43]} {[%emt 00:02:08]} Nxe5
{[%clk 00:33:11]} {[%emt 00:06:38]} 25. Qe4+ {[%clk 00:12:28]} {[%emt
00:00:45]} Kg7 {[%clk 00:26:20]} {[%emt 00:07:22]} 26. Qxb7 {[%clk 00:11:40]}
{[%emt 00:01:18]} Rae8 {[%clk 00:25:28]} {[%emt 00:01:21]} 27. Be1 {[%clk
00:08:56]} {[%emt 00:03:15]} Bf4 {[%clk 00:19:50]} {[%emt 00:06:08]} 28. Bd2
{[%clk 00:06:59]} {[%emt 00:02:28]} Qxb7 {[%clk 00:19:06]} {[%emt 00:01:14]}
29. Bxb7 {[%clk 00:07:21]} {[%emt 00:00:08]} Re6 {[%clk 00:19:10]} {[%emt
00:00:25]} 30. Bxf4 {[%clk 00:05:41]} {[%emt 00:02:10]} gxf4 {[%clk 00:19:11]}
{[%emt 00:00:29]} 31. Kf2 {[%clk 00:05:05]} {[%emt 00:01:05]} f3 {[%clk
00:17:46]} {[%emt 00:01:55]} 32. Bd5 {[%clk 00:03:08]} {[%emt 00:02:27]} Rg6
{[%clk 00:15:57]} {[%emt 00:02:19]} 33. Rg1 {[%clk 00:03:01]} {[%emt 00:00:37]}
Nd3+ {[%clk 00:11:08]} {[%emt 00:05:19]} 34. Ke3 {[%clk 00:02:59]} {[%emt
00:00:32]} f2 {[%clk 00:10:56]} {[%emt 00:00:42]} 35. Rxg6+ {[%clk 00:03:17]}
{[%emt 00:00:12]} Kxg6 {[%clk 00:09:58]} {[%emt 00:01:28]} 36. Be4+ {[%clk
00:03:42]} {[%emt 00:00:06]} Kg5 {[%clk 00:09:26]} {[%emt 00:01:02]} 37. Bxd3
{[%clk 00:03:58]} {[%emt 00:00:13]} Rf4 {[%clk 00:08:55]} {[%emt 00:01:01]} 38.
c4 {[%clk 00:03:21]} {[%emt 00:01:08]} Rh4 {[%clk 00:08:19]} {[%emt 00:01:05]}
39. Bf1 {[%clk 00:03:03]} {[%emt 00:00:48]} Kf5 {[%clk 00:07:38]} {[%emt
00:01:12]} 40. Rd1 {[%clk 00:02:06]} {[%emt 00:01:27]} Ke5 {[%clk 00:05:42]}
{[%emt 00:02:26]} 41. Rd5+ {[%clk 00:01:03]} {[%emt 00:01:32]} Ke6 {[%clk
00:06:04]} {[%emt 00:00:08]} 42. Kxf2 {[%clk 00:30:17]} {[%emt 00:01:16]} Rf4+
{[%clk 00:36:13]} {[%emt 00:00:21]} 43. Ke1 {[%clk 00:28:59]} {[%emt 00:01:48]}
Re4+ {[%clk 00:36:30]} {[%emt 00:00:13]} 44. Kd2 {[%clk 00:28:40]} {[%emt
00:00:49]} Rf4 {[%clk 00:36:42]} {[%emt 00:00:18]} 45. Be2 {[%clk 00:28:43]}
{[%emt 00:00:26]} Re4 {[%clk 00:34:55]} {[%emt 00:02:18]} 46. Rh5 {[%clk
00:26:04]} {[%emt 00:03:09]} Kd5 {[%emt 00:00:52]} 1-0